Regularity theory for quasilinear elliptic systems and Monge-Ampere equations in two dimensions
Αποθηκεύτηκε σε:
| Κύριος συγγραφέας: | |
|---|---|
| Μορφή: | Βιβλίο |
| Γλώσσα: | English |
| Δημοσίευση: |
Berlin ; New York :
Springer-Verlag,
c1990
|
| Σειρά: | Lecture notes in mathematics (Springer-Verlag)
; 1445 |
| Θέματα: | |
| Ετικέτες: |
Προσθήκη ετικέτας
Δεν υπάρχουν, Καταχωρήστε ετικέτα πρώτοι!
|
MARC
| LEADER | 00000nam a2200000 i 4500 | ||
|---|---|---|---|
| 001 | 1/29612 | ||
| 008 | 941103s1990 eng d | ||
| 020 | |a 3-540-53103-3 | ||
| 035 | |a 1993 |l 10038363 | ||
| 040 | |a GR-MY-UA |b gre |e aacr | ||
| 041 | 0 | |a eng | |
| 082 | 0 | |a 515.353 | |
| 100 | 1 | |a Schulz, Friedmar. | |
| 245 | 1 | 0 | |a Regularity theory for quasilinear elliptic systems and Monge-Ampere equations in two dimensions / |c Friedmar Schulz |
| 260 | |a Berlin ; New York : |b Springer-Verlag, |c c1990 | ||
| 300 | |a xv, 123 p.; |c 24 cm. | ||
| 490 | 1 | |a Lecture notes in mathematics (Springer-Verlag) |v ; 1445 | |
| 500 | |a Includes bibliographical references and indexes | ||
| 650 | 0 | 0 | |a Monge-Ampere equations. |
| 830 | 0 | |a Lecture notes in mathematics (Springer-Verlag) |v ; 1445 | |
| 852 | |a INST |b SAMOS |e 19941103 |h 515.353 SCH |p 005300008239 |q 005300008239 |t BK |y 0 | ||
| 909 | |a Σ |b 029297 | ||